Регионална библиотека "Любен Каравелов" - Русе

[Сто] 100 най-забележителни археологически открития (Запис номер 95783)

MARC детайли
000 -Лидер
Контролно поле с фиксирана дължина 01436nam a2200337 c 4500
003 - Код на организацията, давaща контролен номер
Контролно поле BLK
005 - Дата и час на последна редакция
Контролно поле 20220609122951.0
008 - Елементи от данни с фиксирана дължина
fixed length control field 180409b bul|||||r ||||||| ||bul||
010 ## - Наследен системен номер
LC control number KNG00100660000
020 ## - Международен стандартен номер на книга ISBN
Международен стандартен номер на книга ISBN 954-625-248-4
-- издат.: ФЮТ
040 ## - Източник на каталожния запис
Идентификатор на билиотеката - собственик на записа BLK
041 ## - Код за език
Код за езика на текст/звукозапис или на отделно заглавие Български
Код за езика КДБФ Български
080 ## - УДК
Текстов определител УДК Паметници на културата на историческите периоди. Археологическите паметници. Старини
УДК код - определител по УДК 904
УДК определител (100)
УДК - код + определител 904(100)
100 1# - Редна дума - Автор
Автор Дайнин, Жаклин
Авторска отговорност първи автор
R(LIN) 58002
139 ## - Редно поле
Редна дума Дайнин, Жаклин
Авторски знак Дав - Д 13
245 10 - Сведения за заглавието
Заглавие [Сто] 100 най-забележителни археологически открития
Редно поле (дума) Жаклин Дайнин; прев. Венелин Мечков.
257 ## - Страна на издаване
Страна на създаване/издаване Великобритания
260 ## - Област на издателските данни
-- София
Име на издателя, разпространителя и проч. ФЮТ
Година на издаване 2001
Печатница София : Д. Благоев
300 ## - Физическа характеристика
Страници 110 с.
Илюстрации и др. с цв. ил.
Размери/Мащаб 28 см
380 ## - Жанр
Жанр История
500 ## - Общи забележки
Забележка Ориг. загл. 100 Greatest Archeological Discoveries. - Предм. показалец. - Офс. изд. - 1 000 тир.
650 #4 - Допълнително описание по предмет – тема
Основно описание – тема или топоним Археологически паметници
9 (RLIN) 243363
653 ## - Ключова дума – ненормативна
Ключова дума археология
653 ## - Ключова дума – ненормативна
Ключова дума паметници
700 1# - Други автори (авторска отговорност)
Лично име Мечков, Венелин
Автороска отговорност (Описва отношението между автора и произведението) прев.
9 (RLIN) 365716
852 ## - Местоположение
Форматна сигнатура ЦБ ІІ 11512
856 4# - Електронен адрес и достъп
Електронен формат pdf - файл
Път до файла /url/
856 4# - Електронен адрес и достъп
Електронен формат pdf - файл
Път до файла /url/
942 ## - АРТИКУЛИ
Вид на библиотечния материал Книги
Скрит в OPAC Не
Koha issues (borrowed), all copies 1
944 ## - СЪЗДАВАНЕ И РЕДАКЦИЯ на ЗАПИСА
Създаване/Редакция Създаване
Дата на регистрацията/редакция 01.01.2001
Служител, извършил регистрацията/редакцията Валя_Йорданова
944 ## - СЪЗДАВАНЕ И РЕДАКЦИЯ на ЗАПИСА
Създаване/Редакция Редакция
Дата на регистрацията/редакция 22.07.2008
Служител, извършил регистрацията/редакцията
999 ## - СИСТЕМНИ КОНТРОЛНИ НОМЕРА
Koha biblionumber 95783
Koha biblioitemnumber 95783
Наличности
Код за отписване Код за изгубен артикул Код за повреда Коз за рестрикции Код за отдаване Артикулен № Име на библиотеката - собственик Име на библиотеката, в която се намира в момента Статус (Текущо местоположение) Дата на вписване в системата Местоположение - отдел Цена в лева Инвентарен номер Систематично азбучна сигнатура Баркод Номер на екземпляра Цена в евро Служебна бележка Служебен тип на артикула Източник на класификационната схема
  Не е изгубен Не е повреден без рестрикции заемане за дома 153709 Регионална библиотека "Любен Каравелов" Русе Регионална библиотека "Любен Каравелов" Русе Детски отдел 2002-03-15 Детски отдел 11.00 120000669066 ДН 9/Д 13 120000669066 1 5.62 Дост: Pk Вид: Ф N: 5 Дата: 13.03.2002 Дата инв: 21.08.2015 Бележки инв: Д2015 Книги  
  Не е изгубен Не е повреден само за читалня ползва се в читалня 153710 Регионална библиотека "Любен Каравелов" Русе Регионална библиотека "Любен Каравелов" Русе Хранилище 2002-10-02 Хранилище 0.01 120000672589 Цб II 11512 120000672589 2 0.01 Дост: Dp Вид: Д N: 9 Дата: 19.02.2002 Книги Universal Decimal Classification
Изтеглен Не е изгубен Не е повреден без рестрикции заемане за дома 153711 Регионална библиотека "Любен Каравелов" Русе Регионална библиотека "Любен Каравелов" Русе Детски отдел 2002-12-20 Детски отдел 10.90 120000674106 ДН 9/Д 13 120000674106 3 5.57 Дост: Pk Вид: Ф N: 8602 Дата: 19.12.2002 Дата инв: 05.10.2015 Бележки инв: Д2015 Книги Universal Decimal Classification
  Не е изгубен Не е повреден без рестрикции заемане за дома 153712 Регионална библиотека "Любен Каравелов" Русе Регионална библиотека "Любен Каравелов" Русе Детски отдел 2008-07-22 Детски отдел 10.90 120000727730 ДН 9/Д 13 120000727730 4 5.57 Дост: Pk Вид: Ф N: 6001 Дата: 17.07.2008 Дата инв: 21.08.2015 Бележки инв: Д2015 Книги  
Vip Innovations Ltd, Rousse, Bulgaria 2025